Регионална библиотека "Любен Каравелов" - Русе

Да преодолееш себе си (Запис номер 51922)

MARC детайли
000 -Лидер
Контролно поле с фиксирана дължина 01450nam a2200337 c 4500
003 - Код на организацията, давaща контролен номер
Контролно поле BLK
005 - Дата и час на последна редакция
Контролно поле 20220324103239.0
008 - Елементи от данни с фиксирана дължина
fixed length control field 180408b bul|||||r ||||||| ||bul||
010 ## - Наследен системен номер
LC control number KNG00055837000
040 ## - Източник на каталожния запис
Идентификатор на билиотеката - собственик на записа BLK
041 ## - Код за език
Код за езика на текст/звукозапис или на отделно заглавие Български
Код за езика КДБФ Български
080 ## - УДК
Текстов определител УДК Спорт. Физическа култура
УДК код - определител по УДК 796/799
УДК определител :159.9
УДК - код + определител 796/799:159.9
100 1# - Редна дума - Автор
Автор Алексеев, Анатолий Василевич
Авторска отговорност първи автор
R(LIN) 284090
139 ## - Редно поле
Редна дума Алексеев, Анатолий Василевич
Авторски знак Алекс - А 51
245 10 - Сведения за заглавието
Заглавие Да преодолееш себе си
Подзаглавни данни Основи на психорегулиращата тренировка
Редно поле (дума) Анатолий Василевич Алексеев; прев. от рус. Ташко Касабов.
257 ## - Страна на издаване
Страна на създаване/издаване СССР
260 ## - Област на издателските данни
Име на издателя, разпространителя и проч. Медицина и физкултура
Година на издаване 1982
Печатница (Пловдив : Д. Благоев)
Място на издаване, разпространение и проч. София
300 ## - Физическа характеристика
Страници 120 с.
Размери/Мащаб 20 см
380 ## - Жанр
Жанр 793/799 Спорт
500 ## - Общи забележки
Забележка Ориг. загл. Себя преодолеть.
650 #4 - Допълнително описание по предмет – тема
Основно описание – тема или топоним Спорт - психология
9 (RLIN) 262226
653 ## - Ключова дума – ненормативна
Ключова дума психотехника
653 ## - Ключова дума – ненормативна
Ключова дума тренировки
653 ## - Ключова дума – ненормативна
Ключова дума спорт
700 1# - Други автори (авторска отговорност)
Лично име Касабов, Ташко
Автороска отговорност (Описва отношението между автора и произведението) прев. от рус.
9 (RLIN) 284091
852 ## - Местоположение
Форматна сигнатура Цб 113110
Фондова буква Хранилище
999 ## - СИСТЕМНИ КОНТРОЛНИ НОМЕРА
Koha biblionumber 51922
Koha biblioitemnumber 51922
942 ## - АРТИКУЛИ
Вид на библиотечния материал Книги
Скрит в OPAC Не
Koha issues (borrowed), all copies 1
Периодичен библиозапис Да
944 ## - СЪЗДАВАНЕ И РЕДАКЦИЯ на ЗАПИСА
Създаване/Редакция Създаване
Дата на регистрацията/редакция 17.06.2011
Статус, дата на статуса 17.06.2011 - от С1,Р / 17.06.2011
Служител, извършил регистрацията/редакцията Виолета_Тройчева
944 ## - СЪЗДАВАНЕ И РЕДАКЦИЯ на ЗАПИСА
Създаване/Редакция Редакция
Дата на регистрацията/редакция 2022-03-24
Статус, дата на статуса 2022-03-24
Наличности
Код за отписване Код за изгубен артикул Източник на класификационната схема Код за повреда Коз за рестрикции Код за отдаване Артикулен № Име на библиотеката - собственик Име на библиотеката, в която се намира в момента Статус (Текущо местоположение) Дата на вписване в системата Местоположение - отдел Цена в лева Инвентарен номер Систематично азбучна сигнатура Баркод Номер на екземпляра Цена в евро Служебна бележка Служебен тип на артикула
  Не е изгубен Universal Decimal Classification Не е повреден само за читалня ползва се в читалня 81870 Регионална библиотека "Любен Каравелов" Русе Регионална библиотека "Любен Каравелов" Русе Хранилище 1982-01-01 Хранилище 0.82 346190 Цб 113110 120000346190 1 0.42 Дост: Dp Вид: Д N: стар фонд Дата: 01.01.1982 Книги
Изтеглен Не е изгубен Universal Decimal Classification Не е повреден без рестрикции заемане за дома 81871 Регионална библиотека "Любен Каравелов" Русе Регионална библиотека "Любен Каравелов" Русе Заемна - подръчен фонд 1982-01-01 Заемна - подръчен фонд 0.82 348633 П 796/799/А 51 348633 2 0.42 Дост: Pk Вид: П N: стар фонд Дата: 01.01.1982 Книги
Изтеглен Не е изгубен Universal Decimal Classification Не е повреден без рестрикции заемане за дома 81872 Регионална библиотека "Любен Каравелов" Русе Регионална библиотека "Любен Каравелов" Русе Заемна - подръчен фонд 1982-01-01 Заемна - подръчен фонд 0.82 348634 П 796/799/А 51 348634 3 0.42 Дост: Pk Вид: П N: стар фонд Дата: 01.01.1982 Книги
Изтеглен Не е изгубен Universal Decimal Classification Не е повреден без рестрикции заемане за дома 81873 Регионална библиотека "Любен Каравелов" Русе Регионална библиотека "Любен Каравелов" Русе Заемна - подръчен фонд 1982-01-01 Заемна - подръчен фонд 0.82 348635 П 796/799/А 51 348635 4 0.42 Дост: Pk Вид: П N: стар фонд Дата: 01.01.1982 Дата инв: 08.02.2018 Бележки инв: П2018 Книги
Vip Innovations Ltd, Rousse, Bulgaria 2025